Housing (Right to Buy) (Limit on Discount) (England) Order 2012 (Record no. 113724)

MARC details
000 -LEADER
fixed length control field 01140cad a22002175a 4500
001 - CONTROL NUMBER
control field L155647
008 - FIXED-LENGTH DATA ELEMENTS--GENERAL INFORMATION
fixed length control field 120329s2012 xxk f 000 0 eng d
035 ## - SYSTEM CONTROL NUMBER
System control number (Sirsi) u155647
041 0# - LANGUAGE CODE
Language code of text/sound track or separate title eng
110 ## - MAIN ENTRY--CORPORATE NAME
Corporate name or jurisdiction name as entry element United Kingdom
Form subheading Laws, etc.
9 (RLIN) 5044
245 00 - TITLE STATEMENT
Title Housing (Right to Buy) (Limit on Discount) (England) Order 2012
260 ## - PUBLICATION, DISTRIBUTION, ETC.
Place of publication, distribution, etc. London
Name of publisher, distributor, etc. HM Government
Date of publication, distribution, etc. 2012
490 #0 - SERIES STATEMENT
Series statement SI
Volume/sequential designation 2012
520 ## - SUMMARY, ETC.
Summary, etc. Prescribes the maximum discount of £75 000 available when exercising the right to buy a dwelling-house under Part V of the Housing Act 1985. Specifies the period of time used in the calculation of costs as ten years for dwelling-houses acquired by the landlord prior to 2nd April 2012 and fifteen years for dwelling-houses acquired by the landlord on or after 2nd April 2012. Revokes Housing (Right to Buy) (Limits on Discount) Order 1998.
590 ## - LOCAL NOTE (RLIN)
Local note KA
650 24 - SUBJECT ADDED ENTRY--TOPICAL TERM
Topical term or geographic name entry element HOUSING (RIGHT TO BUY) (LIMITS ON DISCOUNT) ORDER 1998
651 #4 - SUBJECT ADDED ENTRY--GEOGRAPHIC NAME
Geographic name England
Chronological subdivision 886-
690 ## - LOCAL SUBJECT ADDED ENTRY--TOPICAL TERM (OCLC, RLIN)
Topical term or geographic name as entry element Residential property
9 (RLIN) 6266
856 40 - ELECTRONIC LOCATION AND ACCESS
Host name uhttp://www.legislation.gov.uk/uksi/2012/734/made
Public note View the item free of charge at www.legislation.gov.uk
942 ## - ADDED ENTRY ELEMENTS (KOHA)
Suppress in OPAC 0
Holdings
Withdrawn status Lost status Source of classification or shelving scheme Damaged status Not for loan Home library Current library Shelving location Date acquired Total Checkouts Full call number Barcode Date last seen Copy number Price effective from Koha item type
    Dewey Decimal Classification     Virtual Virtual Online 29/03/2012   ONLINE PUBLICATION 155647-2001 06/08/2019 1 06/08/2019 Book